| 000 | 00351nam a2200109Ia 4500 | ||
|---|---|---|---|
| 008 | 171211s9999 xx 000 0 und d | ||
| 245 | _aModulational Interactions in Plasmas | ||
| 245 | _cS.I. Popel, Sergey V. Vladimirov, and V.N. Tsytovich | ||
| 260 | _c1995 | ||
| 650 | _xFamily and Friendship | ||
| 856 | _uhttp://down.ebook777.com/065/0792334876.pdf | ||
| 999 |
_c350266 _d350266 |
||